[Event "5. Campeonato Iberoamericano 2014"]
[Site "Linares ESP"]
[Date "2014.07.27"]
[Round "6.10"]
[White "Ibarra Jerez, Jose Carlos"]
[Black "Cruz Lledo, Pablo"]
[Result "1-0"]
[WhiteElo "2521"]
[BlackElo "2373"]
[PlyCount "95"]
[EventDate "2014.07.22"]
[EventType "swiss"]
[EventRounds "9"]
[EventCountry "ESP"]
[Source "lmi"]
[SourceDate "2014.07.22"]

1. f4 d5 2. Nf3 Nc6 3. e3 Bg4 4. d4 e6 5. Be2 Nf6 6. O-O Be7 7. c4 dxc4 8. Bxc4
O-O 9. a3 Bxf3 10. gxf3 Na5 11. Ba2 b6 12. b4 Nb7 13. Nc3 Nd5 14. Nxd5 exd5 15.
e4 c6 16. f5 Nd6 17. Bb1 f6 18. Kh1 a5 19. bxa5 Rxa5 20. Rg1 Nc4 21. Qd3 b5 22.
Ra2 Rf7 23. e5 fxe5 24. f6 Bxf6 25. Qxh7+ Kf8 26. dxe5 Nxe5 27. f4 Nf3 28. Rg3
g5 29. Qh5 Nd4 30. Bg6 Qe7 31. Bxf7 Nf5 32. Rg1 Qe4+ 33. Rag2 Nh4 34. Bg6 Nxg6
35. fxg5 Bd4 36. Rf1+ Kg8 37. Bd2 Rxa3 38. Re1 Qf5 39. Rge2 Rh3 40. Re8+ Kg7
41. R1e7+ Nxe7 42. Rxe7+ Kg8 43. Qe8+ Qf8 44. Qg6+ Kh8 45. Re8 Rf3 46. Rxf8+
Rxf8 47. Qh6+ Kg8 48. g6 1-0

[Event "5. Campeonato Iberoamericano 2014"]
[Site "Linares ESP"]
[Date "2014.07.27"]
[Round "6.11"]
[White "Leon Hoyos, Manuel"]
[Black "Espinosa Aranda, Angel"]
[Result "1-0"]
[WhiteElo "2517"]
[BlackElo "2388"]
[PlyCount "153"]
[EventDate "2014.07.22"]
[EventType "swiss"]
[EventRounds "9"]
[EventCountry "ESP"]
[Source "lmi"]
[SourceDate "2014.07.22"]

1. c4 c5 2. Nc3 g6 3. g3 Bg7 4. Bg2 Nc6 5. a3 d6 6. Rb1 a5 7. d3 e5 8. e3 Nge7
9. Nge2 O-O 10. O-O Rb8 11. b3 Be6 12. Bb2 d5 13. cxd5 Nxd5 14. Rc1 b6 15. Qc2
Rc8 16. Na4 Re8 17. Qb1 Nb8 18. Ba1 Nd7 19. Nec3 Nc7 20. Ne4 Qe7 21. Rfe1 Nb5
22. Nac3 Nc7 23. Nd2 b5 24. a4 b4 25. Nb5 Nxb5 26. axb5 Nb6 27. Bc6 Bd7 28.
Bxd7 Qxd7 29. Nc4 Re6 30. Nxa5 Qxb5 31. Nc4 Rd8 32. Red1 h5 33. h4 Qc6 34. Qc2
Nxc4 35. Qxc4 Red6 36. e4 R6d7 37. Bb2 Qe6 38. Qc2 Bf8 39. Ra1 Kh7 40. Bc1 Be7
41. Be3 f5 42. exf5 Qxf5 43. Qc4 e4 44. d4 cxd4 45. Rxd4 Rxd4 46. Bxd4 Qd5 47.
Qxd5 Rxd5 48. Ra7 Rxd4 49. Rxe7+ Kg8 50. Rb7 Kf8 51. Kf1 Kg8 52. Ke2 Kf8 53.
Ke1 Kg8 54. Kf1 Kf8 55. Ke2 Kg8 56. Ke3 Rd3+ 57. Kxe4 Rxb3 58. Kf4 Ra3 59. Kg5
Ra6 60. Rxb4 Rc6 61. Rb7 Ra6 62. Kh6 Rf6 63. Rg7+ Kh8 64. Rxg6 Rxf2 65. Ra6 Rf8
66. Kxh5 Kg7 67. g4 Rf7 68. Kg5 Rb7 69. Ra5 Rc7 70. h5 Rb7 71. h6+ Kh7 72. Kh5
Rb1 73. Ra7+ Kg8 74. g5 Rb8 75. Ra5 Rc8 76. g6 Rb8 77. h7+ 1-0

[Event "5. Campeonato Iberoamericano 2014"]
[Site "Linares ESP"]
[Date "2014.07.27"]
[Round "6.12"]
[White "Reinaldo Castineira, Roi"]
[Black "Almagro Mazariegos, Sebastian"]
[Result "1-0"]
[WhiteElo "2486"]
[BlackElo "2339"]
[PlyCount "59"]
[EventDate "2014.07.22"]
[EventType "swiss"]
[EventRounds "9"]
[EventCountry "ESP"]
[Source "lmi"]
[SourceDate "2014.07.22"]

1. d4 Nf6 2. Bg5 Ne4 3. Bf4 c5 4. f3 Qa5+ 5. c3 Nf6 6. d5 d6 7. e4 g6 8. Qd2
Bg7 9. Na3 O-O 10. Nc4 Qd8 11. a4 Na6 12. Bh6 Nc7 13. h4 Bxh6 14. Qxh6 e6 15.
dxe6 Bxe6 16. O-O-O d5 17. e5 Nd7 18. h5 Qe7 19. Nh3 Bxh3 20. Rxh3 Rfd8 21. f4
dxc4 22. hxg6 fxg6 23. Bxc4+ Kh8 24. Qxg6 Qg7 25. Qxg7+ Kxg7 26. Rhd3 Kh8 27.
Rh3 Nxe5 28. Rxd8+ Rxd8 29. fxe5 Ra8 30. Rh1 1-0

[Event "5. Campeonato Iberoamericano 2014"]
[Site "Linares ESP"]
[Date "2014.07.28"]
[Round "7.1"]
[White "Bachmann, Axel"]
[Black "Milos, Gilberto"]
[Result "1/2-1/2"]
[WhiteElo "2652"]
[BlackElo "2583"]
[PlyCount "99"]
[EventDate "2014.07.22"]
[EventType "swiss"]
[EventRounds "9"]
[EventCountry "ESP"]
[Source "lmi"]
[SourceDate "2014.07.22"]

1. Nf3 Nf6 2. c4 g6 3. Nc3 Bg7 4. e4 d6 5. d4 O-O 6. h3 Na6 7. Be3 c6 8. Be2 e5
9. dxe5 dxe5 10. c5 Qxd1+ 11. Rxd1 Nb4 12. Rc1 Be6 13. a3 Na2 14. Nxa2 Bxa2 15.
Nd2 Be6 16. g4 Rfd8 17. f3 Ne8 18. Kf2 Rd7 19. Nc4 Rad8 20. Na5 Bf6 21. h4 Be7
22. b4 a6 23. h5 g5 24. Rhd1 f6 25. a4 Kf8 26. Rb1 Rxd1 27. Bxd1 Bc8 28. b5
axb5 29. axb5 cxb5 30. Be2 Nc7 31. c6 bxc6 32. Nxc6 Re8 33. Nxe7 Kxe7 34. Bb6
Ne6 35. Bxb5 Bd7 36. Bxd7 Kxd7 37. Ra1 Rb8 38. Ra7+ Kc6 39. Be3 Rb7 40. Ra6+
Kd7 41. Ke2 Ke7 42. Ra7 Rxa7 43. Bxa7 h6 44. Be3 Kf7 45. Kd3 Ng7 46. Kc4 Ne6
47. Kd5 Ng7 48. Bc5 Ne6 49. Be3 Ng7 50. Bc5 1/2-1/2

[Event "5. Campeonato Iberoamericano 2014"]
[Site "Linares ESP"]
[Date "2014.07.28"]
[Round "7.2"]
[White "Korneev, Oleg"]
[Black "Fernandez Garcia, Jose Miguel"]
[Result "1/2-1/2"]
[WhiteElo "2594"]
[BlackElo "2353"]
[PlyCount "61"]
[EventDate "2014.07.22"]
[EventType "swiss"]
[EventRounds "9"]
[EventCountry "ESP"]
[Source "lmi"]
[SourceDate "2014.07.22"]

1. e4 e5 2. Nf3 Nc6 3. Bb5 f5 4. Nc3 fxe4 5. Nxe4 Nf6 6. Qe2 Qe7 7. O-O d5 8.
Nxf6+ gxf6 9. d4 e4 10. Nh4 Bd7 11. Qh5+ Qf7 12. Qxf7+ Kxf7 13. f3 Nxd4 14.
Bxd7 Nxc2 15. fxe4 Nxa1 16. e5 Bc5+ 17. Kh1 Nc2 18. Rxf6+ Ke7 19. Ba4 Nd4 20.
Be3 Kd8 21. b4 Bb6 22. Bxd4 Bxd4 23. Nf3 Bc3 24. Rf7 a5 25. b5 Kc8 26. e6 Kb8
27. b6 cxb6 28. Nh4 Ka7 29. Bc6 Rab8 30. Bxd5 Rhd8 31. Bf3 1/2-1/2

[Event "5. Campeonato Iberoamericano 2014"]
[Site "Linares ESP"]
[Date "2014.07.28"]
[Round "7.3"]
[White "Almagro Llamas, Pablo"]
[Black "Gonzalez Acosta, Bernal"]
[Result "0-1"]
[WhiteElo "2492"]
[BlackElo "2458"]
[PlyCount "102"]
[EventDate "2014.07.22"]
[EventType "swiss"]
[EventRounds "9"]
[EventCountry "ESP"]
[Source "lmi"]
[SourceDate "2014.07.22"]

1. d4 d5 2. c4 c6 3. Nf3 Nf6 4. Nc3 dxc4 5. a4 Bf5 6. e3 e6 7. Bxc4 Bb4 8. O-O
Nbd7 9. Qe2 Bg6 10. e4 O-O 11. Bd3 Bh5 12. e5 Nd5 13. Ne4 Be7 14. h3 c5 15.
Nxc5 Nxc5 16. dxc5 Bxc5 17. Qc2 Bxf3 18. Qxc5 Bh5 19. Be4 b6 20. Qd4 Rc8 21.
Re1 Bg6 22. Bf3 Qe7 23. Bd2 Rfd8 24. Rac1 Bc2 25. Qg4 Bf5 26. Qg5 Qd7 27. Qh4
h6 28. Be2 Ne7 29. Bc3 Nd5 30. Bb5 Qb7 31. Red1 Kh7 32. Bd2 Rxc1 33. Rxc1 Rc8
34. Rxc8 Qxc8 35. Qc4 Qb8 36. f4 Qd8 37. Qd4 Qh4 38. Bc4 Qg3 39. Qf2 Qg6 40.
Kh2 Be4 41. a5 bxa5 42. Bxa5 Nxf4 43. Bf1 Qf5 44. Qxa7 Nd5 45. Kg1 Qxe5 46.
Qxf7 Qxb2 47. Qxe6 Qd4+ 48. Kh1 Nf4 49. Qe7 Nxh3 50. Bb6 Nf2+ 51. Kg1 Qxb6 0-1

[Event "5. Campeonato Iberoamericano 2014"]
[Site "Linares ESP"]
[Date "2014.07.28"]
[Round "7.4"]
[White "Cori, Jorge"]
[Black "Anton Guijarro, David"]
[Result "1/2-1/2"]
[WhiteElo "2608"]
[BlackElo "2631"]
[PlyCount "97"]
[EventDate "2014.07.22"]
[EventType "swiss"]
[EventRounds "9"]
[EventCountry "ESP"]
[Source "lmi"]
[SourceDate "2014.07.22"]

1. d4 Nf6 2. Nf3 b6 3. Bg5 Ne4 4. Bh4 Bb7 5. Nbd2 Nxd2 6. Qxd2 g6 7. e3 Bg7 8.
a4 O-O 9. Be2 d6 10. a5 h6 11. O-O Nd7 12. a6 Be4 13. Ne1 Rb8 14. f3 Ba8 15. c3
Qe8 16. Nc2 Nf6 17. e4 Nh5 18. g4 Nf6 19. Ne3 e6 20. Bg3 Qe7 21. Bd3 c5 22.
Rad1 cxd4 23. cxd4 b5 24. Nc2 Ne8 25. Bf4 g5 26. Be3 d5 27. e5 b4 28. f4 f6 29.
fxg5 hxg5 30. b3 Rc8 31. Bg6 Rc3 32. Rf3 fxe5 33. Rxf8+ Bxf8 34. dxe5 d4 35.
Bxd4 Rf3 36. Rf1 Rxf1+ 37. Kxf1 Nc7 38. Ne3 Nb5 39. Nc4 Qd7 40. Bg1 Qc6 41. Qf2
Qd7 42. Ke1 Bd5 43. Qd2 Qg7 44. Bd3 Nc3 45. Bd4 Nb5 46. Bg1 Nc3 47. Bd4 Nb5 48.
Be3 Be7 49. Bg1 1/2-1/2

[Event "5. Campeonato Iberoamericano 2014"]
[Site "Linares ESP"]
[Date "2014.07.28"]
[Round "7.5"]
[White "Escobar Forero, Alder"]
[Black "Vazquez Igarza, Renier"]
[Result "1/2-1/2"]
[WhiteElo "2460"]
[BlackElo "2603"]
[PlyCount "68"]
[EventDate "2014.07.22"]
[EventType "swiss"]
[EventRounds "9"]
[EventCountry "ESP"]
[Source "lmi"]
[SourceDate "2014.07.22"]

1. e4 c5 2. Nf3 e6 3. d4 cxd4 4. Nxd4 Nc6 5. Nc3 d6 6. Be3 Nf6 7. Bc4 Be7 8.
Qe2 a6 9. O-O-O Qc7 10. Bb3 Na5 11. g4 Nxb3+ 12. axb3 h6 13. Rhg1 b5 14. f3 Bb7
15. h4 g6 16. g5 hxg5 17. hxg5 Nd7 18. Qd2 e5 19. Nde2 Nb6 20. Kb1 Rc8 21. Rh1
Rf8 22. f4 b4 23. Nd5 Nxd5 24. exd5 a5 25. Ng3 a4 26. bxa4 Bxd5 27. Qxd5 Qxc2+
28. Ka1 Qxa4+ 29. Qa2 Qb5 30. Rd5 Qc6 31. fxe5 Ra8 32. Ra5 Rxa5 33. Qxa5 Kd7
34. Qxb4 Ra8+ 1/2-1/2

[Event "5. Campeonato Iberoamericano 2014"]
[Site "Linares ESP"]
[Date "2014.07.28"]
[Round "7.7"]
[White "Hoffman, Alejandro"]
[Black "Forcen Esteban, Daniel"]
[Result "1/2-1/2"]
[WhiteElo "2450"]
[BlackElo "2535"]
[PlyCount "82"]
[EventDate "2014.07.22"]
[EventType "swiss"]
[EventRounds "9"]
[EventCountry "ESP"]
[Source "lmi"]
[SourceDate "2014.07.22"]

1. d4 Nf6 2. c4 c5 3. d5 e6 4. Nc3 exd5 5. cxd5 d6 6. e4 g6 7. Nge2 Bg7 8. Ng3
h5 9. Be2 h4 10. Nf1 Nh7 11. h3 O-O 12. Nh2 Re8 13. O-O Nd7 14. Qc2 a6 15. a4
Bd4 16. Kh1 Ndf6 17. Nf3 Bxc3 18. bxc3 Nxe4 19. Bd3 Bf5 20. c4 b5 21. axb5 axb5
22. Rxa8 Qxa8 23. Nxh4 bxc4 24. Qxc4 Nhf6 25. Nxf5 gxf5 26. Bxe4 Nxe4 27. Bf4
Qa5 28. Qd3 Qa2 29. Kg1 c4 30. Qd4 c3 31. f3 Nd2 32. Bh6 Re5 33. Qf2 f6 34. Rc1
Qb2 35. Re1 Kh7 36. Bf4 Rxe1+ 37. Qxe1 Qb4 38. Qe7+ Kg6 39. Qe8+ Kg7 40. Qe7+
Kg6 41. Qe8+ Kg7 1/2-1/2

[Event "5. Campeonato Iberoamericano 2014"]
[Site "Linares ESP"]
[Date "2014.07.28"]
[Round "7.8"]
[White "Camacho Collados, Marcos"]
[Black "Alonso Rosell, Alvar"]
[Result "1-0"]
[WhiteElo "2440"]
[BlackElo "2531"]
[PlyCount "92"]
[EventDate "2014.07.22"]
[EventType "swiss"]
[EventRounds "9"]
[EventCountry "ESP"]
[Source "lmi"]
[SourceDate "2014.07.22"]

1. Nf3 d5 2. e3 Nf6 3. b3 g6 4. Bb2 Bg7 5. d3 O-O 6. Nbd2 c5 7. Be2 Nc6 8. Ne5
d4 9. Nxc6 bxc6 10. e4 e5 11. Nc4 Nd7 12. Qd2 f5 13. Bf3 f4 14. O-O-O Nb6 15.
Na5 Rf6 16. Kb1 Ba6 17. h4 h6 18. Ka1 Rb8 19. Rdg1 c4 20. Nxc4 Nxc4 21. dxc4 c5
22. Bg4 Bb7 23. f3 a5 24. a4 h5 25. Bh3 Kh7 26. Ba3 Bf8 27. Ka2 Bc6 28. Rb1 Be8
29. Rhd1 Ra6 30. Qf2 Qf6 31. g3 fxg3 32. Qxg3 Bd6 33. Bc1 Qf7 34. Qg5 Bxa4 35.
Rg1 Be8 36. Qh6+ Kg8 37. Rxg6+ Qxg6 38. Be6+ Qxe6 39. Qxe6+ Bf7 40. Qf6 a4 41.
Ba3 axb3+ 42. cxb3 Kf8 43. Rg1 Rb7 44. Rg7 Rba7 45. Kb2 Bb8 46. Rxf7+ Rxf7 1-0

[Event "5. Campeonato Iberoamericano 2014"]
[Site "Linares ESP"]
[Date "2014.07.28"]
[Round "7.9"]
[White "Roselli Mailhe, Bernardo"]
[Black "Ibarra Jerez, Jose Carlos"]
[Result "0-1"]
[WhiteElo "2425"]
[BlackElo "2521"]
[PlyCount "98"]
[EventDate "2014.07.22"]
[EventType "swiss"]
[EventRounds "9"]
[EventCountry "ESP"]
[Source "lmi"]
[SourceDate "2014.07.22"]

1. d4 Nf6 2. c4 e6 3. Nc3 Bb4 4. Nf3 b6 5. Bg5 Bb7 6. e3 h6 7. Bh4 g5 8. Bg3
Ne4 9. Qc2 d6 10. Bd3 Bxc3+ 11. bxc3 f5 12. d5 Na6 13. Nd4 Nac5 14. f3 Nxd3+
15. Qxd3 Nc5 16. Qc2 Qf6 17. dxe6 f4 18. exf4 gxf4 19. Bf2 Rg8 20. Rg1 O-O-O
21. O-O-O Rde8 22. Rde1 Nxe6 23. Qf5 Qxf5 24. Nxf5 h5 25. Nh4 Kd7 26. Kc2 Ba6
27. Kb3 Rg5 28. a3 Rf8 29. Re4 Nd8 30. g3 fxg3 31. Rxg3 Rxg3 32. hxg3 Nc6 33.
c5 bxc5 34. f4 Bd3 35. Re3 Rb8+ 36. Ka2 Bc4+ 37. Ka1 Rb3 38. Nf3 Rxa3+ 39. Kb1
Ra2 40. Be1 Re2 41. Rxe2 Bxe2 42. Nd2 Ke6 43. Kb2 Kf5 44. c4 Na5 45. Kc3 Kg4
46. Bf2 c6 47. Ne4 Kf3 48. f5 Kxe4 49. f6 Bxc4 0-1

[Event "5. Campeonato Iberoamericano 2014"]
[Site "Linares ESP"]
[Date "2014.07.28"]
[Round "7.10"]
[White "Vega Gutierrez, Sabrina"]
[Black "Leon Hoyos, Manuel"]
[Result "0-1"]
[WhiteElo "2400"]
[BlackElo "2517"]
[PlyCount "100"]
[EventDate "2014.07.22"]
[EventType "swiss"]
[EventRounds "9"]
[EventCountry "ESP"]
[Source "lmi"]
[SourceDate "2014.07.22"]

1. e4 c5 2. Nf3 Nc6 3. d4 cxd4 4. Nxd4 g6 5. Nc3 Bg7 6. Be3 Nf6 7. Bc4 O-O 8.
O-O Nxe4 9. Nxe4 d5 10. Nxc6 bxc6 11. Bd3 dxe4 12. Bxe4 Qc7 13. c3 a5 14. Qa4
Rb8 15. Rab1 Bd7 16. Rfe1 c5 17. Qc4 Rfc8 18. Bd5 e6 19. Bf3 Bb5 20. Qe4 Qe7
21. Bf4 Rb6 22. Qe3 e5 23. Bg5 f6 24. Bd5+ Kh8 25. c4 Bd7 26. Bh6 Bxh6 27. Qxh6
Bf5 28. Be4 Bxe4 29. Rxe4 Rd8 30. Qe3 Rbd6 31. f4 Rd3 32. Qe1 Qe6 33. Qxa5 Rd2
34. Rbe1 Qg4 35. R4e2 Qxf4 36. Rxd2 Rxd2 37. Qxc5 Kg7 38. b4 Qg4 39. Qa7+ Rd7
40. Qc5 Rd2 41. Qa7+ Kg8 42. Qa8+ Kf7 43. c5 Qd4+ 44. Kh1 Rd1 45. Qb7+ Kf8 46.
Qc8+ Kg7 47. Qb7+ Kh6 48. Qe4 Qxe4 49. Rxd1 Qxb4 50. c6 Qc4 0-1

[Event "5. Campeonato Iberoamericano 2014"]
[Site "Linares ESP"]
[Date "2014.07.28"]
[Round "7.11"]
[White "Reinaldo Castineira, Roi"]
[Black "Sos Andreu, Eric"]
[Result "0-1"]
[WhiteElo "2486"]
[BlackElo "2345"]
[PlyCount "64"]
[EventDate "2014.07.22"]
[EventType "swiss"]
[EventRounds "9"]
[EventCountry "ESP"]
[Source "lmi"]
[SourceDate "2014.07.22"]

1. d4 Nf6 2. c4 g6 3. Nc3 d5 4. cxd5 Nxd5 5. Bd2 Bg7 6. e4 Nxc3 7. Bxc3 O-O 8.
Qd2 c5 9. d5 e6 10. Bxg7 Kxg7 11. O-O-O exd5 12. exd5 Qf6 13. h4 h5 14. Nh3 Rd8
15. Nf4 Nc6 16. Be2 Bf5 17. g4 hxg4 18. h5 Nb4 19. Bc4 b5 20. hxg6 Bxg6 21.
Nxg6 Qxg6 22. Qc3+ f6 23. Bb3 Rac8 24. Rhe1 c4 25. Re7+ Kg8 26. Qxb4 cxb3+ 27.
Kd2 Rxd5+ 28. Ke3 Qg5+ 29. f4 gxf3+ 30. Kxf3 Rf5+ 31. Ke2 Qg2+ 32. Kd3 Rd8+ 0-1

[Event "5. Campeonato Iberoamericano 2014"]
[Site "Linares ESP"]
[Date "2014.07.28"]
[Round "7.12"]
[White "Gavilan Diaz, Mario"]
[Black "Alsina Leal, Daniel"]
[Result "0-1"]
[WhiteElo "2287"]
[BlackElo "2550"]
[PlyCount "64"]
[EventDate "2014.07.22"]
[EventType "swiss"]
[EventRounds "9"]
[EventCountry "ESP"]
[Source "lmi"]
[SourceDate "2014.07.22"]

1. d4 Nf6 2. Nc3 d5 3. Bg5 c5 4. e3 cxd4 5. exd4 Nc6 6. Nf3 Bg4 7. Be2 h6 8.
Be3 e6 9. O-O Bd6 10. Nb5 Bb8 11. c4 dxc4 12. Bxc4 O-O 13. Be2 a6 14. Nc3 Ba7
15. h3 Bh5 16. Ne5 Bxe2 17. Nxe2 Ne7 18. Qb3 Qb6 19. Qa3 Ned5 20. Nc3 Qb4 21.
Nxd5 Nxd5 22. Qd3 Rac8 23. a3 Qe7 24. Rac1 Rfd8 25. Rc2 Rxc2 26. Qxc2 Qd6 27.
Rd1 Ne7 28. Qe4 Qd5 29. Qf4 Nf5 30. h4 Bb8 31. Rc1 f6 32. Rc5 Qxc5 0-1

[Event "5. Campeonato Iberoamericano 2014"]
[Site "Linares ESP"]
[Date "2014.07.28"]
[Round "8.1"]
[White "Fernandez Garcia, Jose Miguel"]
[Black "Bachmann, Axel"]
[Result "0-1"]
[WhiteElo "2353"]
[BlackElo "2652"]
[PlyCount "48"]
[EventDate "2014.07.22"]
[EventType "swiss"]
[EventRounds "9"]
[EventCountry "ESP"]
[Source "lmi"]
[SourceDate "2014.07.22"]

1. d4 Nf6 2. Nf3 e6 3. Bg5 h6 4. Bh4 d6 5. Nbd2 g5 6. Bg3 Nh5 7. e3 Bg7 8. Bd3
Nc6 9. c3 Qe7 10. Ne5 Nxe5 11. Bxe5 dxe5 12. Qxh5 Bd7 13. Nc4 exd4 14. exd4 c5
15. dxc5 Qxc5 16. O-O Bc6 17. Rfd1 O-O 18. h4 Rfd8 19. Ne3 Qe7 20. Ng4 gxh4 21.
Nxh6+ Kf8 22. Bc2 Be8 23. Bh7 f5 24. Bg6 Bxg6 0-1

[Event "5. Campeonato Iberoamericano 2014"]
[Site "Linares ESP"]
[Date "2014.07.28"]
[Round "8.2"]
[White "Milos, Gilberto"]
[Black "Korneev, Oleg"]
[Result "1/2-1/2"]
[WhiteElo "2583"]
[BlackElo "2594"]
[PlyCount "110"]
[EventDate "2014.07.22"]
[EventType "swiss"]
[EventRounds "9"]
[EventCountry "ESP"]
[Source "lmi"]
[SourceDate "2014.07.22"]

1. d4 d5 2. c4 e6 3. Nc3 Be7 4. Nf3 Nf6 5. Bg5 h6 6. Bh4 O-O 7. e3 Ne4 8. Bxe7
Qxe7 9. Rc1 c6 10. Bd3 Nxc3 11. Rxc3 Nd7 12. cxd5 exd5 13. O-O Re8 14. Qb1 a5
15. a3 a4 16. Bh7+ Kh8 17. Bc2 Nf6 18. Ne5 Nd7 19. f4 Nf8 20. Qd1 f6 21. Ng6+
Nxg6 22. Bxg6 Rf8 23. Bc2 Qd6 24. Bxa4 Bf5 25. Bc2 Bxc2 26. Qxc2 f5 27. b4 Rf6
28. Rb1 b5 29. Rc1 Ra6 30. Kf2 g5 31. fxg5 hxg5 32. Kg1 Kg7 33. Qf2 Kg6 34. Qf3
g4 35. Qf4 Qxf4 36. exf4 Re6 37. Kf2 Kf7 38. Kg3 Ke7 39. Kh4 Kf6 40. R1c2 Kg6
41. h3 gxh3 42. Kxh3 Kf7 43. g3 Rh6+ 44. Kg2 Re6 45. Kf3 Re4 46. Rd3 Ke6 47.
Rh2 Re1 48. Rh6+ Kf7 49. Rc3 Ra1 50. Rhxc6 Rxc6 51. Rxc6 Rxa3+ 52. Kg2 Rb3 53.
Rd6 Rxb4 54. Rxd5 Ke6 55. Rd8 Rb1 1/2-1/2

[Event "5. Campeonato Iberoamericano 2014"]
[Site "Linares ESP"]
[Date "2014.07.28"]
[Round "8.3"]
[White "Gonzalez Acosta, Bernal"]
[Black "Ibarra Jerez, Jose Carlos"]
[Result "1/2-1/2"]
[WhiteElo "2458"]
[BlackElo "2521"]
[PlyCount "60"]
[EventDate "2014.07.22"]
[EventType "swiss"]
[EventRounds "9"]
[EventCountry "ESP"]
[Source "lmi"]
[SourceDate "2014.07.22"]

1. d4 d5 2. c4 c6 3. cxd5 cxd5 4. Nc3 Nf6 5. Nf3 Nc6 6. Bf4 Bf5 7. e3 e6 8. Bd3
Bxd3 9. Qxd3 Bd6 10. Bxd6 Qxd6 11. O-O O-O 12. Rfc1 Rfc8 13. Na4 Nd7 14. Nc5
Nxc5 15. Rxc5 Ne7 16. Rac1 Rxc5 17. Rxc5 b6 18. Rc2 Rc8 19. Rxc8+ Nxc8 20. Qc2
Ne7 21. Ne5 f6 22. Qa4 Qd8 23. Nc6 Qc7 24. Nxe7+ Qxe7 25. Qc6 Kf7 26. Qc8 Qe8
27. Qc7+ Qe7 28. Qc8 Qe8 29. Qc7+ Qe7 30. Qc8 Qe8 1/2-1/2

[Event "5. Campeonato Iberoamericano 2014"]
[Site "Linares ESP"]
[Date "2014.07.28"]
[Round "8.4"]
[White "Sos Andreu, Eric"]
[Black "Cori, Jorge"]
[Result "0-1"]
[WhiteElo "2345"]
[BlackElo "2608"]
[PlyCount "152"]
[EventDate "2014.07.22"]
[EventType "swiss"]
[EventRounds "9"]
[EventCountry "ESP"]
[Source "lmi"]
[SourceDate "2014.07.22"]

1. d4 Nf6 2. c4 g6 3. Nc3 d5 4. Bf4 Bg7 5. e3 O-O 6. Nf3 c5 7. dxc5 Ne4 8. Rc1
Nxc3 9. bxc3 dxc4 10. Qxd8 Rxd8 11. Bxc4 Nd7 12. c6 bxc6 13. O-O Nb6 14. Bb3
Bb7 15. Ne5 e6 16. c4 f6 17. Nf3 c5 18. Rfd1 e5 19. Bg3 Kf8 20. Nd2 a5 21. Rb1
Bc6 22. Bc2 Rab8 23. Nb3 Rxd1+ 24. Rxd1 Ba4 25. Rc1 Ke8 26. Nxc5 Bxc2 27. Rxc2
Nxc4 28. h3 Na3 29. Rd2 Bf8 30. Ne6 Be7 31. Nc7+ Kf7 32. e4 Rb7 33. Nd5 Bc5 34.
Kh2 Ke6 35. f3 Bd4 36. Bf2 Rb2 37. Rxb2 Bxb2 38. Bc5 Nc4 39. Nc7+ Kf7 40. Kg3
f5 41. exf5 gxf5 42. Kf2 e4 43. fxe4 fxe4 44. Nb5 Ke6 45. Bd4 Bxd4+ 46. Nxd4+
Ke5 47. Nc2 Nd6 48. g4 a4 49. Ke3 Nc4+ 50. Ke2 Kf4 51. Nb4 Kg3 52. Nd5 Kxh3 53.
Nf6 h6 54. Nxe4 Kxg4 55. Kd3 Kf4 56. Nf6 Nd6 57. Nd5+ Kg4 58. Ke3 a3 59. Kf2
Nc4 60. Ke2 Kg3 61. Nf6 Kf4 62. Kd3 Ne3 63. Nh5+ Kg5 64. Ng3 Nd5 65. Kc4 Kf4
66. Nh5+ Kg4 67. Ng7 Ne3+ 68. Kb3 Nf5 69. Ne8 Kg5 70. Nc7 h5 71. Ne6+ Kg4 72.
Nc5 h4 73. Ne4 Kf4 74. Nf2 Kf3 75. Nh3 Kg3 76. Ng5 Nd6 0-1

[Event "5. Campeonato Iberoamericano 2014"]
[Site "Linares ESP"]
[Date "2014.07.28"]
[Round "8.5"]
[White "Leon Hoyos, Manuel"]
[Black "Camacho Collados, Marcos"]
[Result "1/2-1/2"]
[WhiteElo "2517"]
[BlackElo "2440"]
[PlyCount "129"]
[EventDate "2014.07.22"]
[EventType "swiss"]
[EventRounds "9"]
[EventCountry "ESP"]
[Source "lmi"]
[SourceDate "2014.07.22"]

1. c4 e5 2. g3 Nf6 3. Bg2 h6 4. a3 c6 5. d4 exd4 6. Nf3 d5 7. Qxd4 Be6 8. cxd5
cxd5 9. O-O Nc6 10. Qd3 Be7 11. b4 O-O 12. Bb2 Qd7 13. Rd1 Rfd8 14. Nbd2 Bf5
15. Qb3 Rac8 16. Rac1 Bh3 17. b5 Na5 18. Qa4 Bxg2 19. Kxg2 b6 20. Ne5 Qe6 21.
Ndf3 Ne4 22. Nc6 Nxc6 23. Rxc6 Rxc6 24. bxc6 Bc5 25. Nd4 Bxd4 26. Qxd4 Nf6 27.
Qa4 Ne4 28. c7 Rc8 29. Qxa7 Ng5 30. Rd2 Re8 31. Qb8 Kh7 32. c8=Q Rxc8 33. Qe5
Qxe5 34. Bxe5 Ra8 35. Rd3 Ne6 36. Bb2 Rd8 37. Rb3 Rd6 38. Rb5 f6 39. h4 Kg6 40.
a4 d4 41. f4 f5 42. h5+ Kxh5 43. Rxf5+ Kg4 44. Re5 d3 45. exd3 Rxd3 46. Rxe6
Rd2+ 47. Kf1 Rxb2 48. Rg6+ Kf3 49. Ke1 Ra2 50. Rxg7 Rxa4 51. Kd2 Rd4+ 52. Kc3
Rd6 53. f5 Ke4 54. g4 Ke5 55. Rh7 Rf6 56. Rh8 Kf4 57. Rg8 h5 58. Rg6 Rf8 59.
gxh5 Kxf5 60. Rg1 Rh8 61. Rh1 Rh6 62. Kc4 Kg5 63. Kb5 Rxh5 64. Rxh5+ Kxh5 65.
Kxb6 1/2-1/2

[Event "5. Campeonato Iberoamericano 2014"]
[Site "Linares ESP"]
[Date "2014.07.28"]
[Round "8.7"]
[White "Anton Guijarro, David"]
[Black "Almagro Llamas, Pablo"]
[Result "1/2-1/2"]
[WhiteElo "2631"]
[BlackElo "2492"]
[PlyCount "151"]
[EventDate "2014.07.22"]
[EventType "swiss"]
[EventRounds "9"]
[EventCountry "ESP"]
[Source "lmi"]
[SourceDate "2014.07.22"]

1. e4 c5 2. Nf3 d6 3. Bb5+ Bd7 4. Bxd7+ Qxd7 5. c4 g6 6. Nc3 Bg7 7. d4 cxd4 8.
Nxd4 Nc6 9. Be3 Nf6 10. h3 O-O 11. O-O Rac8 12. b3 Rfd8 13. Rc1 e6 14. Qf3 Qe7
15. Nxc6 bxc6 16. Rfd1 Nd7 17. Qg3 Be5 18. f4 Bg7 19. Qf2 c5 20. Kh1 a6 21. Qf3
Nb8 22. Ne2 Nc6 23. Rd2 Qc7 24. Rcd1 Re8 25. Bf2 Bf6 26. Qg4 Rcd8 27. Bh4 Bxh4
28. Qxh4 f5 29. Nc3 Nd4 30. exf5 Nxf5 31. Qf2 Qc6 32. Re1 Nd4 33. Ne4 Rf8 34.
Rxd4 cxd4 35. Qxd4 e5 36. fxe5 dxe5 37. Qxe5 Rde8 38. Qd5+ Qxd5 39. cxd5 Kg7
40. Kg1 Re5 41. d6 Rfe8 42. d7 Rd8 43. Kf1 Rxd7 44. Nf2 Rxe1+ 45. Kxe1 Kf6 46.
Ke2 Ke5 47. Ke3 Re7 48. Nd3+ Kd5+ 49. Kd2 Kd4 50. Nb4 Re6 51. Nc2+ Ke4 52. b4
Rf6 53. a4 Rf2+ 54. Kc3 Rxg2 55. b5 axb5 56. axb5 Rf2 57. Nb4 g5 58. Kc4 h5 59.
b6 Rf8 60. Nd3 Kf3 61. Ne5+ Kg3 62. Nd7 Rd8 63. Nf6 h4 64. Ne4+ Kf4 65. Nf6 Ke5
66. Ng4+ Kd6 67. Kb5 Rf8 68. Ne3 Kd7 69. Nd5 Rf5 70. b7 Rxd5+ 71. Kc4 Kc7 72.
Kxd5 g4 73. Ke4 g3 74. Kf3 Kxb7 75. Kg2 Kc6 76. Kg1 1/2-1/2

[Event "5. Campeonato Iberoamericano 2014"]
[Site "Linares ESP"]
[Date "2014.07.28"]
[Round "8.8"]
[White "Vazquez Igarza, Renier"]
[Black "Pardo Simon, David"]
[Result "1/2-1/2"]
[WhiteElo "2603"]
[BlackElo "2457"]
[PlyCount "60"]
[EventDate "2014.07.22"]
[EventType "swiss"]
[EventRounds "9"]
[EventCountry "ESP"]
[Source "lmi"]
[SourceDate "2014.07.22"]

1. Nf3 d6 2. d4 g6 3. c4 Bg7 4. Nc3 Nc6 5. d5 Ne5 6. Nxe5 Bxe5 7. Bd2 Nf6 8. g3
Bd7 9. Bg2 Qc8 10. h3 a6 11. Be3 c5 12. Qd2 b5 13. f4 Bxc3 14. Qxc3 b4 15. Qc2
Bf5 16. Qa4+ Qd7 17. Qxd7+ Kxd7 18. g4 Be4 19. Bf3 Bxf3 20. exf3 Ne8 21. a3
bxa3 22. Rxa3 Nc7 23. Kd2 e6 24. dxe6+ fxe6 25. Kc2 Kc6 26. Bd2 Rhf8 27. Re1
Rab8 28. Re4 Rb7 29. Rae3 Rfb8 30. Bc3 a5 1/2-1/2